000
00330nam a2200145Ia 4500
008
150201s2003 xx 000 0 und d
082
_a
610.734
_b
N03W
100
_a
WHO
245
_a
NURSING CARE OF THE SICK
250
_a
1ST
260
_b
AITBS
_a
DELHI
_c
2003
300
_a
221
650
_a
COMMUNITy NURSING
942
_2
ddc
_c
BK
999
_c
2383
_d
2383